Größte Metropolregionen Frankreich - Statistiken

Allgemein
  • Dieses Quiz wurde 23 mal gespielt
  • Das Durchschnittsergebnis liegt bei 12 aus 15
Antwortstatistiken
Einwohner Antwort % Korrekt
520.000 Eurométropole de Strasbourg
100%
12.500.000 Île-de-France
100%
3.120.000 Métropole d'Aix-Marseille-Provence
100%
1.760.000 Métropole de Lyon
100%
840.000 Bordeaux
95%
1.100.000 Métropole Nice Côte d'Azur
95%
1.500.000 Toulouse
90%
1.190.000 Métropole Européenne de Lille
81%
650.000 Nantes
81%
510.000 Montpellier Mediterranée Métropole
76%
470.000 Rennes
76%
660.000 Grenoble
52%
450.000 Métropole de la Côte Nord
48%
500.000 Métropole Rouen Normandie
33%
480.000 Communauté d'agglomération du Grand Avignon
29%
Keine übereinstimmenden Quizze gefunden
Verteilung der Resultate
Anzahl Personen mit jedem Resultat
Perzentil nach korrekt beantworteten Fragen
Ihre Resultats-Entwicklung
Sie haben dieses Quiz noch nicht gespielt